| 000 | 00846nam a2200265 i 4500 | ||
|---|---|---|---|
| 001 | 184178 | ||
| 003 | ES-MaACL | ||
| 005 | 20250801201907.0 | ||
| 008 | 150410s1970 sp |||| |dspa d | ||
| 080 | _a27 Bultmann, Rudolf | ||
| 100 | 1 |
_aMalet, André. _9156694 |
|
| 245 | 1 | 0 |
_aBultmann / _cAndré Malet ; [traducción... por Enrique Molina Campos]. |
| 250 | _a1ª ed. | ||
| 260 |
_aBarcelona : _bFontanella, _c1970. |
||
| 300 |
_a238 p. ; _c17 cm. |
||
| 490 | 1 |
_aTestigos del siglo XX ; _v26 |
|
| 504 | _aBibliografía: p. 236-238. | ||
| 505 | 8 |
_aContiene: Selección de textos,( _gp. 123-234) |
|
| 600 | 1 | 7 |
_aBultmann, Rudolf. _932536 |
| 650 | 0 | 7 |
_aTeología _2embne _917457 |
| 700 | 1 |
_aMolina Campos, Enrique. _981917 |
|
| 830 | 0 |
_aTestigos del siglo XX ; _v26 _9192049 |
|
| 852 |
_aES-MaACL _jE-15547 |
||
| 999 |
_c184178 _d184178 |
||